| 000 | 00484nam a2200205Ia 4500 | ||
|---|---|---|---|
| 005 | 20250425162653.0 | ||
| 008 | 250425s9999 xx 000 0 und d | ||
| 020 | _a0540073431 | ||
| 041 | _aeng | ||
| 082 | _a621.8 | ||
| 100 | _aFLANAGAN, G. T. H. | ||
| 245 | 0 | _aFEED WATER SYSTEMS AND TREATMENT | |
| 250 | _aS.E | ||
| 260 |
_aEstados Unidos _bSTANFORD MARITIME LONDON _c1983 |
||
| 260 | _aNEW YORK | ||
| 300 | _a122 | ||
| 650 | _aBOMBAS | ||
| 942 | _c01 | ||
| 010 | _a95562 | ||
| 999 |
_c234049 _d234049 |
||